Statystyki dla Państwa z dostępem do Morza Bałtyckiego

Kliknij tutaj aby rozwiązać quiz!

Ogólne statystyki

  • Ten quiz został rozwiązany 59 razy
  • Średni wynik to 10 z 10

Statystyki odpowiedzi

HintOdpowiedź% Poprawnych
9Litwa
100%
1Polska
100%
10Rosja
100%
5Szwecja
100%
6Finlandia
98%
8Łotwa
98%
4Norwegia
98%
7Estonia
96%
2Niemcy
96%
3Dania
94%

Rozkład punktacji

Percentyl według liczby udzielonych odpowiedzi

Procent ludzi z każdym wynikiem

Twoja historia wyników

Nie rozwiązałeś tego quizu